[Event "1st Edmonton International"]
[Site "Edmonton"]
[Date "2006.04.15"]
[Round "4"]
[White "Nekrasov, Mihail"]
[Black "Reeve, Jeff"]
[Result "1-0"]
[WhiteElo "2406"]
[BlackElo "2253"]
[PlyCount "79"]
[EventDate "2006.04.13"]
[EventType "tourn"]
[EventRounds "9"]
[EventCountry "CAN"]

1. e4 c5 2. Nf3 d6 3. d4 cxd4 4. Nxd4 Nf6 5. Nc3 g6 6. Be2 Bg7 7. O-O O-O 8.
Bg5 Nc6 9. Nb3 Be6 10. Kh1 a6 11. f4 b5 12. Bf3 Rc8 13. Nd5 Nd7 14. c3 f6 15.
Bh4 Bf7 16. a4 bxa4 17. Rxa4 a5 18. Nd4 Nxd4 19. Rxd4 Bxd5 20. Rxd5 Rb8 21. Rf2
Nc5 22. Rfd2 Qc7 23. Bf2 Nb3 24. Re2 Rfd8 25. Bg4 Kf7 26. Qd3 h5 27. Rb5 hxg4
28. Rxb3 Rxb3 29. Qd5+ e6 30. Qxb3 Ra8 31. Qa2 Rc8 32. Re1 Ke7 33. f5 gxf5 34.
exf5 e5 35. Qe6+ Kf8 36. Rd1 Rd8 37. Qd5 Ke7 38. c4 Qc8 39. Bb6 Rd7 40. c5 1-0

[Event "1st Edmonton International"]
[Site "Edmonton"]
[Date "2006.04.15"]
[Round "4"]
[White "Zilberstein, Dmitry"]
[Black "Haessel, Dale"]
[Result "1-0"]
[WhiteElo "2381"]
[BlackElo "2183"]
[PlyCount "73"]
[EventDate "2006.04.13"]
[EventType "tourn"]
[EventRounds "9"]
[EventCountry "CAN"]

1. d4 Nf6 2. c4 g6 3. Nc3 d5 4. Nf3 Bg7 5. Qb3 dxc4 6. Qxc4 O-O 7. e4 Nc6 8.
Be2 Bg4 9. d5 Bxf3 10. gxf3 Na5 11. Qd3 b6 12. e5 Ne8 13. f4 f6 14. Qg3 e6 15.
dxe6 Qe7 16. O-O Qxe6 17. Bg4 f5 18. Bf3 Rd8 19. Qg2 c6 20. Be3 Nc7 21. Rad1
Qc4 22. Rc1 Qb4 23. Bxc6 Qxb2 24. Bd5+ Nxd5 25. Nxd5 Qxa2 26. Rfd1 Nc4 27. Ne7+
Kh8 28. Qh3 Nxe3 29. Nxg6+ Kg8 30. Ne7+ Kf7 31. Qh5+ Kxe7 32. Rc7+ Ke6 33. Rc6+
Ke7 34. Qg5+ Bf6 35. exf6+ Ke8 36. f7+ Kxf7 37. Rc7+ 1-0

[Event "1st Edmonton International"]
[Site "Edmonton"]
[Date "2006.04.15"]
[Round "5"]
[White "Gardner, Robert"]
[Black "Nekrasov, Mihail"]
[Result "1-0"]
[WhiteElo "2240"]
[BlackElo "2406"]
[PlyCount "97"]
[EventDate "2006.04.13"]
[EventType "tourn"]
[EventRounds "9"]
[EventCountry "CAN"]

1. f4 Nf6 2. Nf3 g6 3. d3 d5 4. e3 Bg7 5. Be2 O-O 6. O-O Bg4 7. h3 Bxf3 8. Bxf3
Nc6 9. d4 Ne4 10. c4 e6 11. cxd5 exd5 12. Nc3 Nxc3 13. bxc3 Na5 14. f5 c6 15.
e4 dxe4 16. Bxe4 c5 17. Qf3 Qf6 18. Ba3 cxd4 19. Bxf8 Rxf8 20. fxg6 Qxf3 21.
gxh7+ Kh8 22. Rxf3 Nc4 23. Bd5 Ne5 24. Rg3 dxc3 25. Rc1 Rd8 26. Be4 Nc4 27.
Rxg7 Kxg7 28. Rxc3 b5 29. Rg3+ Kh8 30. Rd3 Rxd3 31. Bxd3 Nd6 32. Kf2 b4 33. Ke3
a5 34. Kd4 a4 35. Kc5 b3 36. axb3 a3 37. Bb1 Ne4+ 38. Kb4 Nd2 39. Ba2 Kxh7 40.
Kxa3 f5 41. b4 Ne4 42. b5 Kg6 43. b6 Nc5 44. Bd5 Nd7 45. b7 Kf6 46. Kb4 Ke5 47.
Bf3 Kd6 48. h4 Kc7 49. h5 1-0

[Event "1st Edmonton International"]
[Site "Edmonton"]
[Date "2006.04.15"]
[Round "5"]
[White "Kraai, Jesse"]
[Black "Zilberstein, Dmitry"]
[Result "1/2-1/2"]
[WhiteElo "2466"]
[BlackElo "2381"]
[PlyCount "62"]
[EventDate "2006.04.13"]
[EventType "tourn"]
[EventRounds "9"]
[EventCountry "CAN"]

1. Nf3 Nf6 2. c4 g6 3. Nc3 d5 4. cxd5 Nxd5 5. e4 Nxc3 6. dxc3 Qxd1+ 7. Kxd1 Nd7
8. Bf4 c6 9. Kc2 Nc5 10. Nd2 f6 11. b4 e5 12. Be3 Na4 13. Bc4 Bd7 14. Rhd1 c5
15. b5 O-O-O 16. Rab1 Kc7 17. Bd5 Nb6 18. c4 a6 19. bxa6 Ba4+ 20. Nb3 Nxd5 21.
Rxd5 Rxd5 22. exd5 b6 23. f4 Bd6 24. fxe5 Bxe5 25. Rf1 Ra8 26. Bf4 Bxf4 27.
Rxf4 f5 28. Rf2 Rxa6 29. Kd3 Bd7 30. Rb2 Ra3 31. Ke2 Ra4 1/2-1/2

[Event "1st Edmonton International"]
[Site "Edmonton"]
[Date "2006.04.15"]
[Round "5"]
[White "Reeve, Jeff"]
[Black "Day, Lawrence"]
[Result "1-0"]
[WhiteElo "2253"]
[BlackElo "2289"]
[PlyCount "120"]
[EventDate "2006.04.13"]
[EventType "tourn"]
[EventRounds "9"]
[EventCountry "CAN"]

1. e4 d5 2. exd5 Qxd5 3. Nc3 Qa5 4. d4 c6 5. Nf3 Bf5 6. Bc4 e6 7. Bd2 Nf6 8.
Ne4 Qd8 9. Ng3 Bg6 10. Bb3 Nbd7 11. Qe2 Be7 12. O-O-O Qc7 13. h4 h6 14. Ne5
Nxe5 15. dxe5 Nd5 16. h5 Bh7 17. f4 O-O-O 18. Ne4 Rd7 19. a3 Rhd8 20. c4 Nb6
21. Bc3 Rxd1+ 22. Rxd1 Rxd1+ 23. Bxd1 Nd7 24. Bc2 Bxe4 25. Qxe4 Qb6 26. b4 Qf2
27. c5 Qh4 28. Bd1 Qg3 29. Bf3 Qf2 30. Bb2 Qf1+ 31. Kc2 a5 32. Be2 Qf2 33. Bd4
Qe1 34. Bc3 Qf2 35. Kd2 axb4 36. axb4 Bh4 37. Qf3 Qxf3 38. Bxf3 Kc7 39. Kd3 b6
40. cxb6+ Nxb6 41. g4 Be7 42. Bd2 Bf8 43. f5 Nd7 44. Bc3 Be7 45. Be4 Bg5 46.
Bf3 Nf8 47. Bd1 Kd7 48. Ba4 f6 49. b5 cxb5 50. Bxb5+ Ke7 51. exf6+ Bxf6 52.
Bb4+ Kf7 53. Bc4 Be7 54. Bc3 Bf6 55. Ba5 Be7 56. Ke4 Nh7 57. fxe6+ Kf8 58. Kf5
Nf6 59. Bc3 Ne8 60. Kg6 Nd6 1-0

[Event "1st Edmonton International"]
[Site "Edmonton"]
[Date "2006.04.15"]
[Round "5"]
[White "Vavrak, Peter"]
[Black "Gentes, Kevin"]
[Result "1-0"]
[WhiteElo "2408"]
[BlackElo "2303"]
[PlyCount "45"]
[EventDate "2006.04.13"]
[EventType "tourn"]
[EventRounds "9"]
[EventCountry "CAN"]

1. d4 Nf6 2. Nf3 g6 3. c4 Bg7 4. g3 d6 5. Bg2 c6 6. O-O Qa5 7. Nc3 Qh5 8. Re1
O-O 9. Qb3 Na6 10. h3 Rb8 11. Ng5 b5 12. cxb5 cxb5 13. Bf3 Qh6 14. Nxf7 Rxf7
15. Bxh6 Bxh6 16. Kg2 e6 17. e4 b4 18. Nd1 d5 19. exd5 exd5 20. Ne3 Nc7 21. Ng4
Bxg4 22. hxg4 Rbf8 23. Re2 1-0

[Event "1st Edmonton International"]
[Site "Edmonton"]
[Date "2006.04.16"]
[Round "6"]
[White "Day, Lawrence"]
[Black "Gardner, Robert"]
[Result "1-0"]
[WhiteElo "2289"]
[BlackElo "2240"]
[PlyCount "59"]
[EventDate "2006.04.13"]
[EventType "tourn"]
[EventRounds "9"]
[EventCountry "CAN"]

1. e4 d6 2. f4 Nf6 3. Nc3 g6 4. Nf3 Bg7 5. Be2 a6 6. d4 c5 7. e5 Nfd7 8. exd6
exd6 9. dxc5 dxc5 10. Ne4 O-O 11. c3 Qe7 12. Nd6 Nc6 13. Nxc8 Raxc8 14. O-O c4
15. Kh1 Rfd8 16. Re1 Qc5 17. Qc2 Nf6 18. Ng1 Qf2 19. Rf1 Ng4 20. h3 Ne3 21.
Rxf2 Nxc2 22. Rb1 Ne7 23. Bg4 f5 24. Bf3 Ne1 25. Bxb7 Rc7 26. Bxa6 Ra8 27. Bb5
Rxa2 28. Re2 Nd3 29. Rxe7 Rc5 30. Rb7 1-0

[Event "1st Edmonton International"]
[Site "Edmonton"]
[Date "2006.04.16"]
[Round "6"]
[White "Haessel, Dale"]
[Black "Kraai, Jesse"]
[Result "0-1"]
[WhiteElo "2183"]
[BlackElo "2466"]
[PlyCount "62"]
[EventDate "2006.04.13"]
[EventType "tourn"]
[EventRounds "9"]
[EventCountry "CAN"]

1. d4 e6 2. c4 Nf6 3. Nf3 c5 4. d5 exd5 5. cxd5 d6 6. Nc3 g6 7. Bf4 Bg7 8. Qa4+
Bd7 9. Qb3 b5 10. Nxb5 Bxb5 11. Qxb5+ Nbd7 12. Bxd6 Ne4 13. Be5 O-O 14. Bxg7
Kxg7 15. e3 Rb8 16. Qa4 Rxb2 17. Qxe4 Qa5+ 18. Kd1 Nf6 19. Qc4 Nxd5 20. Rc1 Rd8
21. Bd3 Rxf2 22. Qxc5 Qxc5 23. Rxc5 Nb4 24. Nd4 Nxd3 25. Rc7 Rb8 26. Nb3 a5 27.
Rc3 a4 28. Rxd3 axb3 29. Rxb3 Rd8+ 30. Ke1 Rdd2 31. Rf1 Rfe2# 0-1

[Event "1st Edmonton International"]
[Site "Edmonton"]
[Date "2006.04.16"]
[Round "7"]
[White "Gardner, Robert"]
[Black "Zilberstein, Dmitry"]
[Result "1/2-1/2"]
[WhiteElo "2240"]
[BlackElo "2381"]
[PlyCount "82"]
[EventDate "2006.04.13"]
[EventType "tourn"]
[EventRounds "9"]
[EventCountry "CAN"]

1. f4 d5 2. Nf3 g6 3. e3 Bg7 4. Be2 Nh6 5. d4 c5 6. c3 O-O 7. a3 b6 8. O-O Ba6
9. b4 Nf5 10. Ra2 e6 11. g4 Bxe2 12. Rxe2 Nd6 13. h4 Nd7 14. Rh2 Nf6 15. Ne5 h5
16. bxc5 bxc5 17. a4 Nc4 18. Nxc4 dxc4 19. gxh5 Nxh5 20. Ba3 Rc8 21. Bxc5 Rxc5
22. dxc5 Qc8 23. Nd2 Qxc5 24. Qf3 Bxc3 25. Ne4 Qb4 26. Nxc3 Qxc3 27. Rg2 Kh7
28. Rg5 Qf6 29. Qe4 Kh6 30. Qxc4 Rd8 31. Qe2 Qc3 32. Qe1 Qb3 33. Kh1 Rd3 34.
Re5 Qxa4 35. Rg1 Qc6+ 36. Kh2 Qf3 37. Rg2 Nf6 38. Qg3 Qxg3+ 39. Kxg3 Nd7 40.
Re4 Nf6 41. Re5 Nd7 1/2-1/2

[Event "1st Edmonton International"]
[Site "Edmonton"]
[Date "2006.04.16"]
[Round "7"]
[White "Gentes, Kevin"]
[Black "Nekrasov, Mihail"]
[Result "1/2-1/2"]
[WhiteElo "2303"]
[BlackElo "2406"]
[PlyCount "74"]
[EventDate "2006.04.13"]
[EventType "tourn"]
[EventRounds "9"]
[EventCountry "CAN"]

1. Nf3 Nf6 2. c4 e6 3. g3 d5 4. Bg2 Be7 5. O-O O-O 6. b3 c5 7. e3 Nc6 8. Bb2 b6
9. Nc3 dxc4 10. bxc4 Bb7 11. d3 Qc7 12. Nb5 Qd7 13. Qe2 Rfd8 14. Rad1 a6 15.
Nc3 Qc7 16. Ne1 Na7 17. f4 b5 18. Nf3 bxc4 19. dxc4 Nc6 20. Ng5 Rxd1 21. Rxd1
Rd8 22. Nce4 Nxe4 23. Nxe4 Rxd1+ 24. Qxd1 f5 25. Nf2 Na5 26. Be5 Qc8 27. Qa4
Bxg2 28. Kxg2 Qc6+ 29. Qxc6 Nxc6 30. Bc3 Kf7 31. a3 g6 32. Nd3 Ke8 33. Kf3 h5
34. h3 Kd7 35. g4 hxg4+ 36. hxg4 Bd6 37. g5 Ke8 1/2-1/2

[Event "1st Edmonton International"]
[Site "Edmonton"]
[Date "2006.04.16"]
[Round "7"]
[White "Reeve, Jeff"]
[Black "Haessel, Dale"]
[Result "1-0"]
[WhiteElo "2253"]
[BlackElo "2183"]
[PlyCount "37"]
[EventDate "2006.04.13"]
[EventType "tourn"]
[EventRounds "9"]
[EventCountry "CAN"]

1. g3 c5 2. Bg2 Nc6 3. d3 g6 4. e4 Bg7 5. f4 d6 6. Nf3 e6 7. O-O Nge7 8. c3 O-O
9. Be3 f5 10. Nbd2 b6 11. Qb3 Qd7 12. Rfe1 Ba6 13. d4 fxe4 14. Nxe4 Nf5 15.
dxc5 bxc5 16. Bxc5 Bd3 17. Nxd6 Nxd6 18. Qxe6+ Qxe6 19. Rxe6 1-0

[Event "1st Edmonton International"]
[Site "Edmonton"]
[Date "2006.04.16"]
[Round "7"]
[White "Vavrak, Peter"]
[Black "Day, Lawrence"]
[Result "1-0"]
[WhiteElo "2408"]
[BlackElo "2289"]
[PlyCount "69"]
[EventDate "2006.04.13"]
[EventType "tourn"]
[EventRounds "9"]
[EventCountry "CAN"]

1. Nf3 d6 2. d4 Nf6 3. g3 c6 4. Bg2 h6 5. c4 Bf5 6. O-O e6 7. Nc3 d5 8. cxd5
exd5 9. Nh4 Bh7 10. e4 dxe4 11. Nxe4 Be7 12. Nxf6+ Bxf6 13. Re1+ Kf8 14. Qb3 b6
15. d5 c5 16. d6 Nd7 17. Bxa8 Qxa8 18. Qf3 Qd8 19. Qd5 g5 20. Nf5 Bxf5 21. Qxf5
Kg7 22. Rb1 Nb8 23. Qd5 Qd7 24. Bd2 Rd8 25. Rbd1 Qxd6 26. Qxd6 Rxd6 27. Bxg5
Rxd1 28. Bxf6+ Kxf6 29. Rxd1 Ke7 30. Kf1 Nc6 31. Ke2 Ke6 32. h4 f5 33. f3 h5
34. Ke3 Nb4 35. Kf4 1-0

[Event "1st Edmonton International"]
[Site "Edmonton"]
[Date "2006.04.17"]
[Round "8"]
[White "Day, Lawrence"]
[Black "Gentes, Kevin"]
[Result "1/2-1/2"]
[WhiteElo "2289"]
[BlackElo "2303"]
[PlyCount "56"]
[EventDate "2006.04.13"]
[EventType "tourn"]
[EventRounds "9"]
[EventCountry "CAN"]

1. e4 c5 2. Nf3 e6 3. d3 b5 4. a4 b4 5. b3 Bb7 6. Bb2 d6 7. Nbd2 Nf6 8. e5 dxe5
9. Nxe5 Nc6 10. Nxc6 Bxc6 11. Nf3 Be7 12. Ne5 Bb7 13. Be2 O-O 14. Bf3 Nd5 15.
O-O Bf6 16. Re1 Qc7 17. Qd2 Rad8 18. Bxd5 Bxd5 19. f4 Be7 20. Re2 Bd6 21. Rf1
Rfe8 22. Qe3 f6 23. Nc4 Bf8 24. Qg3 Kh8 25. Ne3 Bb7 26. Ng4 Qf7 27. Qh4 Rd5 28.
Rfe1 Rh5 1/2-1/2

[Event "1st Edmonton International"]
[Site "Edmonton"]
[Date "2006.04.17"]
[Round "8"]
[White "Haessel, Dale"]
[Black "Gardner, Robert"]
[Result "1-0"]
[WhiteElo "2183"]
[BlackElo "2240"]
[PlyCount "61"]
[EventDate "2006.04.13"]
[EventType "tourn"]
[EventRounds "9"]
[EventCountry "CAN"]

1. c4 d6 2. g3 e5 3. Bg2 Be7 4. Nc3 c6 5. e4 f5 6. d4 exd4 7. Qxd4 Bf6 8. Qd3
Qe7 9. Nge2 Na6 10. exf5 Nb4 11. Qe4 Bxc3+ 12. bxc3 Na6 13. Bf4 Nc5 14. Qxe7+
Nxe7 15. g4 Nd3+ 16. Kf1 Nxf4 17. Nxf4 Kf7 18. Rd1 Rd8 19. Bf3 g6 20. fxg6+
hxg6 21. Kg2 g5 22. Nh3 Kf6 23. Rhe1 Ng6 24. Kg3 Ne5 25. Nxg5 Nxc4 26. Ne4+ Kg7
27. Be2 Be6 28. Ng5 Bg8 29. Bxc4 Bxc4 30. Ne6+ Bxe6 31. Rxe6 1-0

[Event "1st Edmonton International"]
[Site "Edmonton"]
[Date "2006.04.17"]
[Round "9"]
[White "Gardner, Robert"]
[Black "Kraai, Jesse"]
[Result "1-0"]
[WhiteElo "2240"]
[BlackElo "2466"]
[PlyCount "101"]
[EventDate "2006.04.13"]
[EventType "tourn"]
[EventRounds "9"]
[EventCountry "CAN"]

1. f4 b6 2. e4 Bb7 3. d3 e6 4. c4 f5 5. e5 d6 6. Nf3 dxe5 7. Nxe5 Nf6 8. Nd2
Bd6 9. Ndf3 O-O 10. Be2 c5 11. b3 Nbd7 12. Bb2 Ng4 13. Qd2 Bxe5 14. fxe5 f4 15.
h3 Ne3 16. g3 Nf5 17. gxf4 Nh4 18. O-O Qe7 19. Nxh4 Qxh4 20. Qe3 Rf7 21. Bg4
Nf8 22. Kh2 h5 23. Bf3 Bxf3 24. Rxf3 Rf5 25. Rg1 Rd8 26. d4 cxd4 27. Bxd4 Qe7
28. Bc3 Rd7 29. Rf2 Qc5 30. Qxc5 bxc5 31. Rg5 Rxg5 32. fxg5 Ng6 33. Rd2 Nxe5
34. Rxd7 Nxd7 35. Kg3 Kf7 36. Kf4 g6 37. Be5 Ke7 38. Bc7 a6 39. a3 Nf8 40. b4
cxb4 41. axb4 Kd7 42. Ba5 Kd6 43. b5 e5+ 44. Ke3 Ne6 45. bxa6 Kc6 46. h4 Nf4
47. Kf3 Nd3 48. a7 Kb7 49. Bb6 Nb2 50. c5 Nc4 51. Ke4 1-0

[Event "1st Edmonton International"]
[Site "Edmonton"]
[Date "2006.04.17"]
[Round "9"]
[White "Gentes, Kevin"]
[Black "Zilberstein, Dmitry"]
[Result "0-1"]
[WhiteElo "2303"]
[BlackElo "2381"]
[PlyCount "90"]
[EventDate "2006.04.13"]
[EventType "tourn"]
[EventRounds "9"]
[EventCountry "CAN"]

1. Nf3 Nf6 2. c4 g6 3. b4 Bg7 4. Bb2 O-O 5. g3 c6 6. Qb3 d5 7. d3 a5 8. a3 Be6
9. Nbd2 dxc4 10. dxc4 b5 11. Rd1 Qc8 12. Bg2 bxc4 13. Nxc4 Qa6 14. Nfe5 Ne8 15.
Rc1 Qb5 16. Nd3 Bxb2 17. Qxb2 Bxc4 18. a4 Qxa4 19. Rxc4 Nd6 20. Rc1 axb4 21.
O-O Qb5 22. Qxb4 Ra4 23. Qc5 Ra5 24. Qc3 Rc8 25. Rb1 Qa6 26. Nc5 Qa7 27. Rfc1
Rb5 28. Ra1 Qb6 29. e4 Nb7 30. Na4 Qc7 31. Qe3 Nd7 32. f4 e5 33. Bh3 Re8 34. f5
Kg7 35. fxg6 hxg6 36. Qd3 Ndc5 37. Nxc5 Nxc5 38. Qe3 Qb6 39. Bf1 Nb3 40. Qxb6
Rxb6 41. Rab1 Reb8 42. Rc3 Nd4 43. Rbc1 Rb2 44. Bc4 Rd2 45. Rd3 Ne2+ 0-1

[Event "1st Edmonton International"]
[Site "Edmonton"]
[Date "2006.04.17"]
[Round "9"]
[White "Nekrasov, Mihail"]
[Black "Day, Lawrence"]
[Result "1-0"]
[WhiteElo "2406"]
[BlackElo "2289"]
[PlyCount "71"]
[EventDate "2006.04.13"]
[EventType "tourn"]
[EventRounds "9"]
[EventCountry "CAN"]

1. e4 g6 2. d4 d6 3. Nf3 Bg7 4. Be2 Nf6 5. Nc3 O-O 6. O-O c5 7. dxc5 dxc5 8.
Qxd8 Rxd8 9. Be3 b6 10. Rfd1 Rxd1+ 11. Rxd1 Nc6 12. Bb5 Bb7 13. e5 Ng4 14. Rd7
Na5 15. Rxe7 Kf8 16. Rc7 Bxf3 17. gxf3 Nxe5 18. Be2 Nec6 19. f4 Bxc3 20. bxc3
Rd8 21. f5 gxf5 22. Bf4 Ne7 23. Bh6+ Ke8 24. Bb5+ Nac6 25. Bxc6+ Nxc6 26. Rxc6
Rd1+ 27. Kg2 Ra1 28. Rc7 Rxa2 29. Bg7 Kd8 30. Rxf7 a5 31. Rb7 Rb2 32. Be5 a4
33. Rxh7 a3 34. Ra7 a2 35. h4 c4 36. h5 1-0

[Event "1st Edmonton International"]
[Site "Edmonton"]
[Date "2006.04.17"]
[Round "9"]
[White "Vavrak, Peter"]
[Black "Haessel, Dale"]
[Result "1/2-1/2"]
[WhiteElo "2408"]
[BlackElo "2183"]
[PlyCount "45"]
[EventDate "2006.04.13"]
[EventType "tourn"]
[EventRounds "9"]
[EventCountry "CAN"]

1. d4 Nf6 2. Nf3 g6 3. c4 Bg7 4. g3 d5 5. cxd5 Nxd5 6. Bg2 Nb6 7. Nc3 Nc6 8. d5
Na5 9. O-O c6 10. e4 cxd5 11. exd5 O-O 12. Bf4 Nac4 13. Qe2 Bf5 14. Rad1 Rc8
15. Nd4 Bxd4 16. Rxd4 e5 17. Rxc4 Nxc4 18. Bc1 Qe7 19. g4 Bd7 20. Bh6 Rfe8 21.
Ne4 Bxg4 22. Qxg4 f5 23. d6 1/2-1/2

[Event "June Sectional A"]
[Site "Edmonton"]
[Date "2006.06.23"]
[Round "1"]
[White "Nekrasov, Mihail"]
[Black "Huber, Greg"]
[Result "1-0"]
[WhiteElo "2390"]
[BlackElo "2245"]
[PlyCount "65"]
[EventDate "2006.06.23"]
[EventType "tourn"]
[EventRounds "5"]
[EventCountry "CAN"]

1. e4 c5 2. Nc3 e6 3. Nf3 a6 4. d4 cxd4 5. Nxd4 d6 6. f4 Nf6 7. Bd3 Nbd7 8. O-O
g6 9. Kh1 Bg7 10. Be2 O-O 11. Bf3 Qc7 12. a4 e5 13. Nde2 b6 14. g4 exf4 15. g5
Ne8 16. e5 Bb7 17. Nd5 Qb8 18. exd6 Nxd6 19. Bxf4 Ne5 20. Bg2 Nf5 21. Nec3 Kh8
22. Qe2 Re8 23. Rae1 Qd8 24. Nf6 Bxg2+ 25. Qxg2 Bxf6 26. gxf6 Nc4 27. Nd5 Rxe1
28. Rxe1 Nh4 29. Qe4 b5 30. axb5 axb5 31. b3 Nd6 32. Bxd6 Qxd6 33. Nb4 1-0

[Event "June Sectional A"]
[Site "Edmonton"]
[Date "2006.06.23"]
[Round "1"]
[White "Reeve, Jeff"]
[Black "Shabalov, Alexander"]
[Result "0-1"]
[WhiteElo "2252"]
[BlackElo "2604"]
[PlyCount "94"]
[EventDate "2006.06.23"]
[EventType "tourn"]
[EventRounds "5"]
[EventCountry "CAN"]

1. e4 c5 2. Nf3 d6 3. d4 cxd4 4. Nxd4 Nf6 5. Nc3 g6 6. Be3 Bg7 7. f3 O-O 8. Qd2
Nc6 9. O-O-O Nxd4 10. Bxd4 Be6 11. Kb1 Qc7 12. h4 Rfc8 13. h5 Qa5 14. hxg6 fxg6
15. a3 Rab8 16. Bxf6 Bxf6 17. Nd5 Qxd2 18. Nxf6+ exf6 19. Rxd2 Rc6 20. Bb5 Rb6
21. Ba4 Rd8 22. c3 Kg7 23. Rhd1 h5 24. Rd4 Kf7 25. f4 Bg4 26. R1d2 Ke6 27. b4
Rc8 28. Kb2 Ke7 29. Bb3 Rbc6 30. R4d3 b5 31. Bd5 Rb6 32. Kb3 h4 33. f5 g5 34.
a4 bxa4+ 35. Kxa4 Ra6+ 36. Kb3 Ra1 37. Be6 Rc6 38. Kb2 Re1 39. c4 Re2 40. Kc3
Ra6 41. Rxe2 Bxe2 42. Rd2 Bf1 43. b5 Ra1 44. Bd5 g4 45. Kd4 g3 46. Ke3 h3 47.
gxh3 Ra3+ 0-1

[Event "June Sectional A"]
[Site "Edmonton"]
[Date "2006.06.23"]
[Round "1"]
[White "Sasata, Robert"]
[Black "Haessel, Dale"]
[Result "1-0"]
[WhiteElo "2235"]
[BlackElo "2195"]
[PlyCount "51"]
[EventDate "2006.06.23"]
[EventType "tourn"]
[EventRounds "5"]
[EventCountry "CAN"]

1. d4 Nf6 2. c4 g6 3. f3 d5 4. cxd5 Nxd5 5. e4 Nb6 6. Nc3 Bg7 7. Be3 O-O 8. Qd2
Nc6 9. O-O-O f5 10. h4 fxe4 11. h5 e5 12. d5 Nd4 13. hxg6 hxg6 14. fxe4 Bg4 15.
Nf3 Nxf3 16. gxf3 Bxf3 17. Bh3 Rf6 18. Bg5 Bxd1 19. Nxd1 Nc4 20. Qg2 Qe8 21.
Bxf6 Bxf6 22. Bf5 g5 23. Rh6 Qe7 24. Be6+ Kf8 25. Qf1 Kg7 26. Qh1 1-0

[Event "June Sectional A"]
[Site "Edmonton"]
[Date "2006.06.24"]
[Round "2"]
[White "Reeve, Jeff"]
[Black "Nekrasov, Mihail"]
[Result "0-1"]
[WhiteElo "2252"]
[BlackElo "2390"]
[PlyCount "34"]
[EventDate "2006.06.23"]
[EventType "tourn"]
[EventRounds "5"]
[EventCountry "CAN"]

1. e4 e5 2. Nf3 Nc6 3. Bb5 f5 4. Nc3 fxe4 5. Nxe4 d5 6. Nxe5 dxe4 7. Nxc6 Qg5
8. Ne5+ c6 9. d4 Qxg2 10. Bf1 Qxh1 11. Qh5+ g6 12. Nxg6 hxg6 13. Qxh8 Kf7 14.
Bf4 Bg7 15. Qh4 Be6 16. O-O-O Qf3 17. h3 Ne7 0-1

[Event "June Sectional A"]
[Site "Edmonton"]
[Date "2006.06.24"]
[Round "2"]
[White "Shabalov, Alexander"]
[Black "Haessel, Dale"]
[Result "1-0"]
[WhiteElo "2604"]
[BlackElo "2195"]
[PlyCount "51"]
[EventDate "2006.06.23"]
[EventType "tourn"]
[EventRounds "5"]
[EventCountry "CAN"]

1. e4 c5 2. Na3 Nc6 3. Bb5 d5 4. Qe2 a6 5. Bxc6+ bxc6 6. d3 Rb8 7. Nf3 Bg4 8.
O-O e6 9. h3 Bxf3 10. Qxf3 Nf6 11. Re1 Be7 12. e5 Nd7 13. Qg3 Kf8 14. c3 h5 15.
Nc2 g6 16. Re3 Bh4 17. Qh2 Kg7 18. Ne1 Nb6 19. Nf3 Be7 20. Re2 Na4 21. Qf4 Qa5
22. c4 Rb4 23. Bd2 Nxb2 24. Bxb4 Qxb4 25. Qd2 Rb8 26. Rb1 1-0

[Event "June Sectional A"]
[Site "Edmonton"]
[Date "2006.06.25"]
[Round "4"]
[White "Nekrasov, Mihail"]
[Black "Sasata, Robert"]
[Result "1/2-1/2"]
[WhiteElo "2390"]
[BlackElo "2235"]
[PlyCount "57"]
[EventDate "2006.06.23"]
[EventType "tourn"]
[EventRounds "5"]
[EventCountry "CAN"]

1. e4 e5 2. Nf3 Nc6 3. d4 exd4 4. Nxd4 Nf6 5. Nxc6 bxc6 6. e5 Qe7 7. Qe2 Nd5 8.
c4 Ba6 9. b3 Qh4 10. a3 Bc5 11. g3 Bxf2+ 12. Qxf2 Qe4+ 13. Kd1 Qxh1 14. Kc2
Qe4+ 15. Bd3 Qxe5 16. Bb2 Qe3 17. Qf1 O-O 18. cxd5 Qxd3+ 19. Qxd3 Bxd3+ 20.
Kxd3 cxd5 21. Nc3 c6 22. b4 Rfe8 23. Na4 d6 24. Bd4 f6 25. Rc1 Rec8 26. g4 Kf7
27. Re1 Rc7 28. Nc3 Rb7 29. Bf2 1/2-1/2

[Event "June Sectional A"]
[Site "Edmonton"]
[Date "2006.06.25"]
[Round "4"]
[White "Shabalov, Alexander"]
[Black "Huber, Greg"]
[Result "1-0"]
[WhiteElo "2604"]
[BlackElo "2245"]
[PlyCount "97"]
[EventDate "2006.06.23"]
[EventType "tourn"]
[EventRounds "5"]
[EventCountry "CAN"]

1. e4 c5 2. Na3 d6 3. c3 Nf6 4. g3 b6 5. Bg2 Bb7 6. Qe2 e6 7. Nh3 Be7 8. O-O
O-O 9. Rd1 d5 10. e5 Ne8 11. d4 Ba6 12. Qh5 Nc6 13. Nc2 Rc8 14. Bf4 cxd4 15.
Nxd4 Nxd4 16. Rxd4 Rc4 17. Rd2 Qc8 18. Rad1 f6 19. Re1 Rc6 20. Qd1 Kh8 21. exf6
Bxf6 22. Be5 Nd6 23. Bxf6 Rxf6 24. Nf4 Nf7 25. Bh3 Ng5 26. Bg4 Qg8 27. f3 h6
28. Qc2 g6 29. h4 Nh7 30. Qa4 Bb7 31. Qd4 Bc8 32. h5 Rc4 33. Nxg6+ Kg7 34. Qe5
Ng5 35. Rd4 Qf7 36. Rxc4 dxc4 37. f4 Nh7 38. Rd1 Nf8 39. Nxf8 Qxf8 40. Qc7+ Rf7
41. Qxc4 Qc5+ 42. Qxc5 bxc5 43. Rd8 Bd7 44. Kf2 Kf6 45. Rg8 e5 46. Rg6+ Ke7 47.
Bxd7 Kxd7 48. Rxh6 exf4 49. g4 1-0

[Event "June Sectional B"]
[Site "Edmonton"]
[Date "2006.06.23"]
[Round "1"]
[White "Karmali, Hafiz"]
[Black "Regimbald, Adrien"]
[Result "1-0"]
[WhiteElo "2039"]
[BlackElo "1958"]
[PlyCount "71"]
[EventDate "2006.06.23"]
[EventType "tourn"]
[EventRounds "5"]
[EventCountry "CAN"]

1. d4 e6 2. e4 d5 3. Nd2 Nf6 4. e5 Nfd7 5. Bd3 c5 6. c3 Nc6 7. Ne2 cxd4 8. cxd4
f6 9. exf6 Nxf6 10. O-O Bd6 11. Nf3 O-O 12. Bd2 Qc7 13. Rc1 Bd7 14. Re1 Ne4 15.
Bxe4 dxe4 16. Ne5 Qd8 17. Bc3 Nxe5 18. dxe5 Bc5 19. Bd4 Bb4 20. Nc3 Bc6 21. Re3
Qg5 22. Nxe4 Qf5 23. Qe2 Rad8 24. Nd6 Bxd6 25. exd6 Qd5 26. Qg4 Rf7 27. Rf3 e5
28. Rxf7 Kxf7 29. Bc5 b6 30. Ba3 Kg8 31. Qc4 Rd7 32. Qxc6 Qxc6 33. Rxc6 Kf7 34.
Rc7 Ke6 35. Rxd7 Kxd7 36. f3 1-0

[Event "June Sectional B"]
[Site "Edmonton"]
[Date "2006.06.23"]
[Round "1"]
[White "Robichaud, Martin"]
[Black "Li, Zhichao"]
[Result "0-1"]
[WhiteElo "2016"]
[BlackElo "2196"]
[PlyCount "134"]
[EventDate "2006.06.23"]
[EventType "tourn"]
[EventRounds "5"]
[EventCountry "CAN"]

1. e4 c6 2. c4 d5 3. exd5 cxd5 4. cxd5 Nf6 5. Qa4+ Nbd7 6. Nc3 g6 7. Nf3 Bg7 8.
Bc4 O-O 9. Qb3 a6 10. a4 Qc7 11. O-O Ne5 12. Nxe5 Qxe5 13. d4 Qxd4 14. Ne2 Qh4
15. Bf4 Nh5 16. Bg3 Qf6 17. Nc3 Nxg3 18. hxg3 b6 19. Rad1 Bd7 20. d6 b5 21.
axb5 axb5 22. Bd5 Rab8 23. dxe7 Qxe7 24. Rfe1 Qf6 25. Re4 Bc6 26. Rb4 Bxd5 27.
Rxd5 Rfe8 28. Rd1 Re5 29. Rf4 Qe6 30. Qxe6 Rxe6 31. Rd7 Re1+ 32. Kh2 f5 33. Rb4
Ra8 34. g4 fxg4 35. Rxg4 Rf8 36. Rd2 Bh6 37. Rc2 Rf5 38. g3 Bf8 39. Re4 Ra1 40.
Kg2 h5 41. Ne2 Rd1 42. Nf4 Rd6 43. Re8 Kf7 44. Rec8 Be7 45. R8c7 Re5 46. Rb7
Kf6 47. Rb8 Kf5 48. Rbc8 h4 49. R8c5 hxg3 50. Rxe5+ Kxe5 51. fxg3 g5 52. Re2+
Kf6 53. Nh3 Re6 54. Rc2 Ke5 55. Nf2 Kd4 56. Kf3 Bd6 57. Kg4 Re3 58. Rd2+ Kc5
59. Kxg5 Bxg3 60. Kf5 Bxf2 61. Rxf2 Kc4 62. Kf4 Re8 63. Rh2 Kb3 64. Kf3 b4 65.
Rg2 Rc8 66. Ke4 Rc2 67. Rg5 Kxb2 0-1